|
|
|
|
| LEADER |
00000nam0a2200000 4500 |
| 001 |
152342 |
| 005 |
20231031150950.0 |
| 035 |
|
|
|a (RuTPU)RU\TPU\book\165172
|
| 090 |
|
|
|a 152342
|
| 100 |
|
|
|a 20090130d1952 m y0gery50 ba
|
| 101 |
0 |
|
|a ger
|
| 102 |
|
|
|a AT
|
| 105 |
|
|
|a a z 001zy
|
| 200 |
1 |
|
|a Elektrochemie
|e Theoretische Grundlagen und Anwendungen
|f G. Milazzo
|
| 205 |
|
|
|a Neubearbeitung der Ersten Italienischen Auflage
|
| 210 |
|
|
|a Wien
|c Springer-Verlag
|d 1952
|
| 215 |
|
|
|a 419 c.
|c il.
|
| 320 |
|
|
|a Библиография в конце частей.
|
| 610 |
1 |
|
|a электрохимия
|
| 610 |
1 |
|
|a теоретические основы
|
| 610 |
1 |
|
|a применение
|
| 675 |
|
|
|a 544.6
|v 3
|
| 700 |
|
1 |
|a Milazzo
|b G.
|g Giulio
|
| 801 |
|
1 |
|a RU
|b 63413507
|c 20090130
|g PSBO
|
| 801 |
|
2 |
|a RU
|b 63413507
|c 20141014
|g PSBO
|
| 942 |
|
|
|c BK
|